| 000 | 00837nam a2200217 a 4500 | ||
|---|---|---|---|
| 001 | BRCA_3887 | ||
| 005 | 20190320204449.0 | ||
| 008 | 271209s1843----nyua######---#000-0#eng-# | ||
| 041 | _aeng | ||
| 044 | _anyu | ||
| 050 | 4 |
_aF1230 _b.C67 1843 |
|
| 100 | 1 |
_aCortés, Hernando _d1485-1547. _910111 |
|
| 245 | 1 | 0 |
_aThe despatches of Hernando Cortés, the conqueror of Mexico _baddressed to the emperor Charles V, written during the Conquest, and containing a narrative of its events _cnow first translated into English from the original Spanish, with an introduction and notes by G. Folsom. |
| 260 |
_aNew York _bWiley & Putnam _c1843 |
||
| 300 |
_a431 p. _bil. _c1 mapa |
||
| 500 | _aC48 | ||
| 651 | 4 |
_aMéxico _vHistoria _yConquista, 1519-1540 _910112 |
|
| 700 | 1 |
_aFolsom, George _f1802-1859 _etr. _910113 |
|
| 902 | _aGFM | ||
| 942 |
_2lcc _cB |
||
| 999 |
_c3615 _d3615 |
||